000 01629nam a22003614a 4500
001 ebr10067305
003 CaPaEBR
006 m u
007 cr cn|||||||||
008 020918s2002 ne a s 100 0 eng
010 _z 2002034386
020 _z1402009437 (HB : alk. paper)
040 _aCaPaEBR
_cCaPaEBR
035 _a(OCoLC)54042228
050 1 4 _aQC871
_b.I46 2000eb
082 0 4 _a551.5
_221
111 2 _aInternational Summer School on Atmospheric and Oceanic Sciences
_n(1st :
_d2000 :
_cL'Aquila, Italy)
245 1 0 _aRemote sensing of atmosphere and ocean from space
_h[electronic resource] :
_bmodels, instruments and techniques /
_cedited by Frank S. Marzano and Guido Visconti.
260 _aDordrecht ;
_aBoston :
_bKluwer Academic Publishers,
_cc2002.
300 _ax, 246 p. :
_bill.
490 1 _aAdvances in global change research ;
_vv. 13
533 _aElectronic reproduction.
_bPalo Alto, Calif. :
_cebrary,
_d2013.
_nAvailable via World Wide Web.
_nAccess may be limited to ebrary affiliated libraries.
650 0 _aAtmosphere
_xRemote sensing
_vCongresses.
650 0 _aOceanography
_xRemote sensing
_vCongresses.
650 0 _aArtificial satellites in remote sensing
_vCongresses.
650 0 _aArtificial satellites in oceanography
_vCongresses.
655 7 _aElectronic books.
_2local
700 1 _aMarzano, Frank S.
700 1 _aVisconti, Guido,
_d1943-
710 2 _aebrary, Inc.
830 0 _aAdvances in global change research ;
_vv. 13.
856 4 0 _uhttp://site.ebrary.com/lib/rucke/Doc?id=10067305
_zAn electronic book accessible through the World Wide Web; click to view
999 _c162635
_d162635